000 00464cam a2200181ua 4500
001 6122
008 131118n ii |||gr||||Z||||||eng
040 _cMAIN
082 _a657.42
245 1 1 _aCost Accounting
_cBy Bhabatosh Banerjee
250 _a7th rev. ed.
260 _aCalcutta:
_bThe World Press Private Limited,
_c1985.
300 _axiii,846p.
653 _aCommerce
653 _aCost Accounting
700 1 _aBanerjee,Bhabatosh,
_eAuthor.
942 _cBK
999 _c5274
_d5274